000 00799naa a2200205 4500
001 2162214035926007
003 UA-OsUOA
005 20250528110142.0
008 250528b un ||||| |||| 00| 0 ukr d
040 _aUA-OsUOA
_bukr
_cUA-OsUOA
_dUA-OsUOA
041 _aukr
080 _a908
090 _a908
100 _aГодованюк О. М.
_920579
245 _aРенесанс в архітектурній спадщині Волині XVI – першій половині XVII ст.
_c О. М. Годованюк
300 _aС. 51–65
650 _2UDC
773 0 _0573185
_9467205
_aМіністерство освіти і науки України
_dРівне ПП ДМ 2010
_o164889
_tАрхітектурна спадщина Волині
_z9786175150160
942 _2udc
_cBKA
999 _c578845
_d578845